Fantasmas de día
Gespeichert in:
| 1. Verfasser: | |
|---|---|
| Format: | Buch |
| Sprache: | Spanisch |
| Veröffentlicht: |
Madrid
SM
1992
|
| Ausgabe: | 9a. ed |
| Schriftenreihe: | El Barco a Vapor
|
| Schlagworte: | |
| Tags: |
Tag hinzufügen
Keine Tags, Fügen Sie den ersten Tag hinzu!
|
MARC
| LEADER | 00000cam a2200000 a 4500 | ||
|---|---|---|---|
| 001 | UCH6216 | ||
| 003 | CL-VaPUC | ||
| 008 | 091109e19920000SP |||||||||||||||||spa|d | ||
| 020 | |a 8434822091 | ||
| 082 | 0 | 4 | |a 863 |b BAQ |2 21 |
| 100 | 0 | |a Baquedano, Lucía |e author |9 542639 | |
| 245 | 1 | 0 | |a Fantasmas de día |
| 250 | |a 9a. ed | ||
| 300 | |a 93 p | ||
| 942 | |c BK | ||
| 945 | |d 20091109 00:00:00 |a lazolas | ||
| 260 | |a Madrid |b SM |c 1992 | ||
| 500 | |a Lectura a partir de 9 años | ||
| 650 | 0 | |a Literatura |9 259151 | |
| 650 | 0 | |a Literatura española |9 306261 | |
| 650 | 0 | |a Novelas españolas |9 265052 | |
| 650 | 0 | |a Escritores españoles |9 318145 | |
| 650 | 0 | |a Cuentos |9 308079 | |
| 650 | 0 | |a Lectura |9 307634 | |
| 651 | 0 | |a España |9 254926 | |
| 583 | |a last modification |c 20130717 11:36:07 |k Rodrigo Vera | ||
| 490 | 0 | |a El Barco a Vapor | |
| 999 | |c 337153 |d 337151 | ||